000
00260nam a22001217a 4500
008
170609b xxu||||| |||| 00| 0 eng d
041
_a
eng
080
_a
94
100
_a
17
101
_a
SHH
245
_a
NAZI VICTORY CRETE 1941
_c
THOMAS,D
942
_2
udc
_c
BK
999
_c
16628
_d
16628